The noble scholar, jurist, historian


 His Excellency Dr. Abdul Wahhab bin Ibrahim Abu Sulaiman, may Allah have mercy on him.


 He was born in Umm Al-Qura in the year 1356 AH.

قطف الثمار بآخر ما حدث به شيخنا الألباني من أخبار : (Record no. 14242)

MARC details
000 -LEADER
fixed length control field 01643cam a22002891i 4500
003 - CONTROL NUMBER IDENTIFIER
control field SA-RiAUC
005 - DATE AND TIME OF LATEST TRANSACTION
control field 20260204141648.0
008 - FIXED-LENGTH DATA ELEMENTS--GENERAL INFORMATION
fixed length control field 260203s2001 xx h g 000 0bara c
040 ## - CATALOGING SOURCE
Original cataloging agency SA-JeALM
Language of cataloging ara
Transcribing agency SA-RiAUC
Description conventions rda
082 04 - DEWEY DECIMAL CLASSIFICATION NUMBER
Classification number 922.3
Assigning agency SA-RiAUC
090 ## - LOCALLY ASSIGNED LC-TYPE CALL NUMBER (OCLC); LOCAL CALL NUMBER (RLIN)
Classification number (OCLC) (R) ; Classification number, CALL (RLIN) (NR) 922.3
Local cutter number (OCLC) ; Book number/undivided call number, CALL (RLIN) م ص ر
100 1# - MAIN ENTRY--PERSONAL NAME
Personal name المصري، عطية بن صدقي علي سالم عودة
Relator term مؤلف.
245 10 - TITLE STATEMENT
Title قطف الثمار بآخر ما حدث به شيخنا الألباني من أخبار :
Remainder of title صفحات بيضاء من حياة الإمام محمد ناصر الدين الألباني رحمه الله تعالى /
Statement of responsibility, etc. تأليف أبي أسماء المصري عطية صدقي علي سالم عودة ؛ تقديم الشيخ علي خشان، الشيخ أبي الحسن المأربي مصطفى إسماعيل.
246 30 - VARYING FORM OF TITLE
Title proper/short title صفحات بيضاء من حياة الإمام محمد ناصر الدين الألباني رحمه الله تعالى
250 ## - EDITION STATEMENT
Edition statement الطبعة الثانية.
264 #1 - PRODUCTION, PUBLICATION, DISTRIBUTION, MANUFACTURE, AND COPYRIGHT NOTICE
Place of production, publication, distribution, manufacture القاهرة :
Name of producer, publisher, distributor, manufacturer المكتبة الإسلامية،
-- دار الآثار.
Date of production, publication, distribution, manufacture, or copyright notice 2001
300 ## - PHYSICAL DESCRIPTION
Extent 127 صفحة :
Other physical details مثيليات ؛
Dimensions 24 سم
336 ## - CONTENT TYPE
Content type term نص
Content type code txt
Source rdacontent
Materials specified كتاب
337 ## - MEDIA TYPE
Media type term بدون وسيط
Media type code n
Source rdamedia
600 17 - SUBJECT ADDED ENTRY--PERSONAL NAME
Personal name الألباني، محمد ناصر الدين،
Dates associated with a name 1914-1999
Source of heading or term aucnm
650 #7 - SUBJECT ADDED ENTRY--TOPICAL TERM
Topical term or geographic name entry element المحدثون
Form subdivision تراجم
Source of heading or term aucsh
650 #7 - SUBJECT ADDED ENTRY--TOPICAL TERM
Topical term or geographic name entry element الدعاة المسلمون
Form subdivision تراجم
Source of heading or term aucsh
700 1# - ADDED ENTRY--PERSONAL NAME
Personal name خشان، علي
Relator term مقدم.
700 1# - ADDED ENTRY--PERSONAL NAME
Personal name السليماني، مصطفى بن إسماعيل،
Dates associated with a name 1958-
Relator term مقدم.
942 ## - ADDED ENTRY ELEMENTS (KOHA)
Source of classification or shelving scheme Dewey Decimal Classification
Koha item type Books
Suppress in OPAC No
949 ## - LOCAL PROCESSING INFORMATION (OCLC)
a SA-JeALM
d 260203
u osman123
n 1
Holdings
Withdrawn status Lost status Source of classification or shelving scheme Damaged status Not for loan Home library Current library Date acquired Total checkouts Full call number Barcode Date last seen Price effective from Koha item type
    Dewey Decimal Classification     DR AbdElwahab Library DR AbdElwahab Library 02/04/2026   922.3 م ص ر 000002285 02/04/2026 02/04/2026 Books